Монгол судлалын орос хэлээр гарсан бүтээлийн номзүй (Бичлэгийн дугаар. 43410)
[ энгийн харах ]
| 000 -Удирдлага | |
|---|---|
| Ном зүйн бүртгэл тоо буюу кодлох утгыг агуулсан | 01632 a2200241 4500 |
| 003 - ХЯНАЛТЫН ТОО ТОДОРХОЙЛОГЧ | |
| Код | MN-UlNLM |
| 005 - ХАМГИЙН СҮҮЛИЙН ҮЕИЙН ХЭЛЦЛИЙН ОГНОО БА ЦАГ | |
| Тухайн бичилтийг бичсэн засварласан сүүлийн огноо. | 20220416115802.0 |
| 008 - ЕРӨНХИЙ МЭДЭЭЛЭЛ-ЭЛЕМЕНТҮҮДИЙН ӨГӨГДЛИЙН УРТ | |
| fixed length control field | a130t16b 2011 mp ||||| |||| 00| 0 mon d |
| 020 ## - ОЛОН УЛСЫН СТАНДАРТ НОМЫН ДУГААР-ISBN | |
| Олон Улсын Стандарт Номын Дугаар | 978-99929-4-838-8 |
| 040 ## - ЭХ СУРВАЛЖИЙГ ТОДОРХОЙЛОН БИЧИХ | |
| Анхны каталогийн байгууллага | Монгол Улсын Үндэсний номын сан |
| 084 ## - БУСАД АНГИЛЛЫН ДУГААР | |
| Ангиллын нэр | Номын сан номзүйн ангилал |
| Анги | 91 |
| Зохиогчийн 3-н тэмдэгт | М 692 |
| Шинжлэх ухааны мэдлэгийн салбар | Лавлах хэвлэл - 9 |
| 110 ## - ДЭЭД ГАРЧГИЙН МЭДЭЭ | |
| Эрхлэн гаргасан байгууллагын нэр | МУҮН-ын сан |
| 245 0# - ҮНДСЭН ГАРЧИГ | |
| Гарчиг | Монгол судлалын орос хэлээр гарсан бүтээлийн номзүй |
| Оролцогчдын тухай мэдээ | Ред. Г.Аким., Ж.Цэзэн. |
| -- | Эмхт. Ц.Дуламсүрэн., Б.Гантулга. |
| 260 0# - ГАРАЛТЫН ТУХАЙ МЭДЭЭ | |
| Хэвлэгдсэн газар | УБ |
| Хэвлэгдсэн он | 2011 |
| 300 ## - ТООНЫ МЭДЭЭ | |
| Хуудасны тоо | 618х |
| 490 ## - БОТИЙН/ЦУВРАЛЫН ТУХАЙ МЭДЭЭ | |
| Ботийн/Цувралын дугаар | 2 |
| 546 ## - ХЭЛНИЙ ТУХАЙ МЭДЭЭ | |
| Хэл | |
| 653 ## - ТҮЛХҮҮР ҮГС | |
| Түлхүүр үг | Судлал |
| -- | Лавлах |
| 740 ## - НОМЫН АГУУЛГЫН ГАРЧИГ | |
| Номын гарчгууд | Наука. |
| -- | Печать МНР. Общественная роль, значение печати. |
| -- | Библиография литературы по монголии. |
| -- | Библиотечное дело. библиотековедение. |
| -- | Энциклопедия энциклопедические словари. |
| -- | Периодческое издание, журналы, игазеты. |
| -- | Труды и деятельность научных обществ, институтов академии Монголии. |
| -- | Рукописи. |
| -- | Философия. |
| -- | История Философии и социологии. |
| -- | Атемизм, Религия. |
| -- | Марксизм-Ленинизм. |
| -- | Международное коммунистическое движение.Коммунистические и рабочие партии забубуежных стран. |
| 856 ## - ЭЛЕКТРОН БАЙРЛАЛ БА ХОЛБООС | |
| Төрөл | Хэвлэмэл ном |
| 942 ## - ЭЛЕМЕНТИЙН ТӨРӨЛ | |
| Төрөл | Ном |
| Буцаан татагдсан төлөв | Хасагдсан шалтгаан | Гэмтсэн төлөв | Данс заагч | Захиалах боломжгүй | Үндсэн номын сан | Одоогийн байршил | Салбар танхим | Сан хөмрөг 5 | Бүртгэсэн огноо | Тавиурын заалт | Баркод | Үнэ | Хамгийн сүүлд байсан огноо | Салбар | Нийт уншлаганд гарсан тоо | Хамгийн сүүлд уншлаганд гарсан огноо | Төрөл |
|---|---|---|---|---|---|---|---|---|---|---|---|---|---|---|---|---|---|
| МУҮНомын сан салбар | МУҮНомын сан салбар | МУҮНС салбар | Ертөнц танхим 9 давхар | МУҮНС салбар | Ертөнц танхим 9 давхар | 2021-08-26 | 9295 | 03009295 | 15000.00 | 2022-11-20 | 0000030092 | 1 | 2019-09-13 | Ном | |||||
| МУҮНомын сан салбар | МУҮНомын сан салбар | МУҮНС салбар | Ертөнц танхим 9 давхар | МУҮНС салбар | Ертөнц танхим 9 давхар | 2021-08-26 | 9293 | 03009293 | 15000.00 | 2021-11-30 | 0000030092 | Ном | |||||||
| МУҮНомын сан салбар | МУҮНомын сан салбар | МУҮНС салбар | Ертөнц танхим 9 давхар | МУҮНС салбар | Ертөнц танхим 9 давхар | 2021-08-26 | 9294 | 03009294 | 15000.00 | 2021-08-26 | 0000030092 | Ном | |||||||
| МУҮНомын сан салбар | МУҮНомын сан салбар | МУҮНС салбар | Ертөнц танхим 9 давхар | МУҮНС салбар | Ертөнц танхим 9 давхар | 2021-08-26 | 9292 | 003000009292 | 15000.00 | 2021-08-26 | 0000030092 | 1 | 2019-04-26 | Ном |